00488 2200193 4500001002100000005001500021035002000036008004100056245006700097100001900164250000600183260003500189300001000224084001400234082000800248650001400256990001200270990001200282INLIS00000000000011220240502104815 a0010-0424000088240502 0 ind 1 aKurikulum, Pembelajaran Dan Evaluasi Jilid 2 /cProf. Wahyudin aProf. Wahyudin a1 aJakarta :bCv.Ipa Abong,c2008 a96hlm a600 WAH k a600 4aNon Fiksi a0732527 a0732528